000 00899nam0a22002771 4500
001 rc\123094
005 20250612181533.0
035 _a(NLR Aleph) 008774999
090 _a7947289
_c7947289
100 _a20021216d1991 |||y0rusy50 ca
101 0 _arus
102 _aRU
105 _aa |||||||||
200 1 _aМосковская икона XIV-XVII веков
_e[Альбом]
205 _a2-е изд.
210 _aЛ.
_cАврора
_d1991
215 _a319 с.
_cил., цв. ил.
_d34
300 _aНа суперобл. авт. не указан
606 1 _aИкона дравнерусская
_yМосква
_jАльбомы
_2nlr_sh1
700 1 _aСмирнова
_bЭ.С.
_gЭнгелина Сергеевна
801 0 _aRU
_bNLR
_gpsbo
801 1 _aRU
_bELAR
_2rusmarc
801 2 _aRU
_bNLR
_c20050427
_2rusmarc
852 _aNLR
_bЭ
_jАлИс491/2-41
942 _cBOOK
980 _aNB